A feasibility study establishing "Magkasalo Restaurant" at H-Square Lavanya Complex, Lavanya Square Bacao II, Genral Trias City, Cavite / (Record no. 3742)
[ view plain ]
| 000 -LEADER | |
|---|---|
| fixed length control field | 01390nam a22003137a 4500 |
| 003 - CONTROL NUMBER IDENTIFIER | |
| control field | OSt |
| 005 - DATE AND TIME OF LATEST TRANSACTION | |
| control field | 20250124210142.0 |
| 008 - FIXED-LENGTH DATA ELEMENTS--GENERAL INFORMATION | |
| fixed length control field | 250124b ||||| |||| 00| 0 eng d |
| 040 ## - CATALOGING SOURCE | |
| Language of cataloging | English. |
| Transcribing agency | CvSU-CCAT Campus Library. |
| Description conventions | rda. |
| 050 ## - LIBRARY OF CONGRESS CALL NUMBER | |
| Classification number | UM TX 911.3.M27 |
| Item number | C66 2017 |
| 100 ## - MAIN ENTRY--PERSONAL NAME | |
| Personal name | Comia, Anna Angelica A., author. |
| 9 (RLIN) | 13866 |
| 245 ## - TITLE STATEMENT | |
| Title | A feasibility study establishing "Magkasalo Restaurant" at H-Square Lavanya Complex, Lavanya Square Bacao II, Genral Trias City, Cavite / |
| Statement of responsibility, etc. | Anna Angelica A. Comia, Jiroyuki T. Shimada, Carlos S. Sinsay. |
| 260 ## - PUBLICATION, DISTRIBUTION, ETC. | |
| Place of publication, distribution, etc. | Rosario, Cavite : |
| Name of publisher, distributor, etc. | Cavite State University-CCAT Campus, |
| Date of publication, distribution, etc. | 2017. |
| 300 ## - PHYSICAL DESCRIPTION | |
| Extent | xiii, 157 leaves : |
| Other physical details | illustrations ; |
| Dimensions | 28 cm |
| 500 ## - GENERAL NOTE | |
| General note | A Feasibility Study (BSHRM)--Cavite State University-CCAT Campus, 2017. |
| 504 ## - BIBLIOGRAPHY, ETC. NOTE | |
| Bibliography, etc. note | Includes bibliographical references and appendices. |
| 520 ## - SUMMARY, ETC. | |
| Thesis Abstract | <a href="Thesis Abstract: ">Thesis Abstract: </a> |
| 546 ## - LANGUAGE NOTE | |
| Language note | In English text. |
| 650 ## - SUBJECT ADDED ENTRY--TOPICAL TERM | |
| Topical term or geographic name entry element | Restaurant business. |
| 9 (RLIN) | 13547 |
| 650 ## - SUBJECT ADDED ENTRY--TOPICAL TERM | |
| Topical term or geographic name entry element | Acceptability. |
| 9 (RLIN) | 10377 |
| 650 ## - SUBJECT ADDED ENTRY--TOPICAL TERM | |
| Topical term or geographic name entry element | Feasibility. |
| 9 (RLIN) | 13546 |
| 650 ## - SUBJECT ADDED ENTRY--TOPICAL TERM | |
| Topical term or geographic name entry element | Profitability of business. |
| 9 (RLIN) | 13717 |
| 700 ## - ADDED ENTRY--PERSONAL NAME | |
| Personal name | Shimada, Jiroyuki T., author. |
| 9 (RLIN) | 13867 |
| 700 ## - ADDED ENTRY--PERSONAL NAME | |
| Personal name | Sinsay, Carlos S., author. |
| 9 (RLIN) | 13868 |
| 700 ## - ADDED ENTRY--PERSONAL NAME | |
| Personal name | Emelo, Marian A., adviser. |
| 9 (RLIN) | 13869 |
| 700 ## - ADDED ENTRY--PERSONAL NAME | |
| Personal name | Ventura, Elizabeth A., technical critic. |
| 9 (RLIN) | 10099 |
| 942 ## - ADDED ENTRY ELEMENTS (KOHA) | |
| Source of classification or shelving scheme | Library of Congress Classification |
| Koha item type | Thesis/Manuscripts/Dissertations |
| Classification part | TX 911.3.M27 C66 2017 |
| Call number prefix | UM |
| Withdrawn status | Lost status | Source of classification or shelving scheme | Damaged status | Not for loan | Collection code | Home library | Current library | Shelving location | Date acquired | Coded location qualifier | Total Checkouts | Full call number | Barcode | Date last seen | Copy number | Price effective from | Koha item type |
|---|---|---|---|---|---|---|---|---|---|---|---|---|---|---|---|---|---|
| Library of Congress Classification | Thesis/Manuscript/Dissertation | Cavite State University - CCAT Campus | Cavite State University - CCAT Campus | TH | 08/16/2017 | UM | UM TX 911.3.M27 C66 2017 | T0003481 | 10/24/2025 | 1 | 01/24/2025 | Thesis/Manuscripts/Dissertations |
